OOPs with C++ from the Foundation (Record no. 346290)
[ view plain ]
| 000 -LEADER | |
|---|---|
| fixed length control field | 00241 a2200097 4500 |
| 090 ## - LOCALLY ASSIGNED LC-TYPE CALL NUMBER (OCLC); LOCAL CALL NUMBER (RLIN) | |
| -- | 3826 |
| -- | 3826 |
| 100 ## - MAIN ENTRY--PERSONAL NAME | |
| Personal name | N.R.Parsa |
| 245 ## - TITLE STATEMENT | |
| Title | OOPs with C++ from the Foundation |
| 260 ## - PUBLICATION, DISTRIBUTION, ETC. | |
| Place of publication, distribution, etc. | Dreamtech Press |
| Name of publisher, distributor, etc. | India |
| Date of publication, distribution, etc. | 1999 |
| 942 ## - ADDED ENTRY ELEMENTS (KOHA) | |
| Institution code [OBSOLETE] | NBS |
| Koha item type | Book |
| Call number prefix | 005.13 PAR |
| Withdrawn status | Lost status | Damaged status | Not for loan | Permanent Location | Current Location | Shelving location | Date acquired | Total Checkouts | Total Renewals | Full call number | Barcode | Date last seen | Date last checked out | Price effective from | Koha item type |
|---|---|---|---|---|---|---|---|---|---|---|---|---|---|---|---|
| Central Library (CL) | Central Library (CL) | First Floor - Software Engineering/ Programming Language | 08/28/2013 | 5 | 9 | 005.13 PAR | NBS4174 | 01/26/2026 | 09/27/2025 | 08/28/2013 | Book |
